Statistiques concernant Clubs Football Français Ligue 1 à National 2021/2022

Cliquez ici pour prendre le quiz!

Statistiques générales

  • Ce quiz a été pris 630 fois
  • Le résultat moyen est 37 sur 58

Statistiques - réponses

DivisionClub% Correct
Ligue 1OL
96%
Ligue 1OM
95%
Ligue 1PSG
93%
Ligue 1Lille LOSC
92%
Ligue 1Girondins de Bordeaux
91%
Ligue 1Lens RC
88%
Ligue 1Monaco AS
88%
Ligue 1Nantes FC
88%
Ligue 1Nice OGC
88%
Ligue 1Strasbourg RC
87%
Ligue 2Toulouse FC
86%
Ligue 1Metz FC
85%
Ligue 2Paris FC
84%
Ligue 1Montpellier HSC
83%
Ligue 2Ajaccio AC
82%
Ligue 1Angers SCO
82%
Ligue 1ASSE
81%
Ligue 1Lorient FC
81%
Ligue 2Bastia SC
79%
Ligue 1Clermont Foot 63
79%
Ligue 2Auxerre AJ
77%
Ligue 1Stade Rennais FC
76%
Ligue 1Troyes ESTAC
76%
Ligue 2Dijon FCO
72%
Ligue 2Nîmes Olympique
72%
Ligue 1Stade Brestois 29
72%
Ligue 2Amiens SC
71%
Ligue 2Nancy Lorraine AS
71%
Ligue 1Stade de Reims
71%
Ligue 2Le Havre AC
70%
Ligue 2Sochaux-Montbéliard FC
69%
Ligue 2Caen SM
68%
Ligue 2Guingamp EA
68%
Ligue 2Grenoble Foot 38
64%
Ligue 2Valenciennes FC
63%
NationalRed Star FC
61%
Ligue 2Pau FC
60%
Ligue 2Dunkerque USL
59%
Ligue 2Rodez AF
58%
Ligue 2Quevilly-Rouen US
56%
NationalLe Mans FC
54%
NationalAnnecy FC
53%
NationalOrléans US
52%
NationalSedan Ardennes CS
48%
NationalChâteauroux LB
44%
Ligue 2Chamois Niortais FC
40%
NationalConcarneau US
39%
NationalBoulogne US CO
37%
NationalStade Lavallois
37%
NationalBourg-en-Bresse 01
32%
NationalVillefranche Beaujolais FC
32%
NationalChambly Oise FC
30%
NationalCréteil-Lusitanos US
30%
NationalSète 34 FC
29%
NationalAvranches US
27%
NationalBastia-Borgo FC
26%
NationalCholet SO
24%
NationalStade Briochin
21%

Distribution des résultats

Percentile par nombre de réponses

% des personnes avec chaque résultat

Votre développement - résultats

Vous n’avez pas pris ce quiz